D.D.HOME THE MAN WHO TALKED WITH GHOSTS / (Record no. 616329)
[ view plain ]
| 000 -LEADER | |
|---|---|
| fixed length control field | 00352nam a22001337a 4500 |
| 020 ## - INTERNATIONAL STANDARD BOOK NUMBER | |
| Qualifying information | HB. |
| 040 ## - CATALOGING SOURCE | |
| Transcribing agency | FIZZA ISHAQ |
| 082 ## - DEWEY DECIMAL CLASSIFICATION NUMBER | |
| Classification number | 133.9109 |
| Author Mark | I.G.E |
| 100 ## - MAIN ENTRY--PERSONAL NAME | |
| Personal name | EDMONDS,I.G. |
| 9 (RLIN) | 133374 |
| 245 ## - TITLE STATEMENT | |
| Title | D.D.HOME THE MAN WHO TALKED WITH GHOSTS / |
| Statement of responsibility, etc. | I.G.EDMONDS. |
| 260 ## - PUBLICATION, DISTRIBUTION, ETC. | |
| Place of publication, distribution, etc. | NEW YORK ; |
| Name of publisher, distributor, etc. | NASHVILLE, |
| Date of publication, distribution, etc. | 1978. |
| 300 ## - PHYSICAL DESCRIPTION | |
| Extent | 192 P. ; |
| Dimensions | 8.2X5.2IN |
| 942 ## - ADDED ENTRY ELEMENTS (KOHA) | |
| Source of classification or shelving scheme | |
| Koha item type | Book |
| Withdrawn status | Lost status | Source of classification or shelving scheme | Damaged status | Not for loan | Permanent Location | Current Location | Shelving location | Date acquired | Total Checkouts | Full call number | Barcode | Date last seen | Price effective from | Koha item type |
|---|---|---|---|---|---|---|---|---|---|---|---|---|---|---|
| NUST Baluchistan Campus (NBC) | NUST Baluchistan Campus (NBC) | Fiction | 02/23/2026 | 133.9109 I.G.E | QD-504 | 02/23/2026 | 02/23/2026 | Book |
